000 00559nam a2200193Ia 4500
003 OSt
005 20220830103410.0
008 220830b |||||||| |||| 00| 0 eng d
020 _a9976600194
040 _cIFM Library
082 _a336.091724
100 _aRwegasira, Kami S. P.
_98508
245 _aFinancial Analysis and Institutional Lending Operations
260 _aDar es Salaam:
_bDar es salaam University Press,
_c1991.
300 _axiv, 208p. :
_bill.; 20cm.
500 _aIncludes Bibliographies
650 _aFinance
_9638
942 _cBK
_2ddc
_n0
999 _c3242
_d3242